Normal view MARC view
  • JONES, C. S,DUNLOP, CARL H,HEIME, GILBERT M

Entry Personal Name

Number of records used in: 1

001 - CONTROL NUMBER

  • control field: 57572

003 - CONTROL NUMBER IDENTIFIER

  • control field: NUST

005 - DATE AND TIME OF LATEST TRANSACTION

  • control field: 20210628201942.0

008 - FIXED-LENGTH DATA ELEMENTS

  • fixed length control field: 210628|| aca||aabn | a|a d

040 ## - CATALOGING SOURCE

  • Original cataloging agency: NUST
  • Transcribing agency: NUST

100 ## - HEADING--PERSONAL NAME

  • Personal name: JONES, C. S,DUNLOP, CARL H,HEIME, GILBERT M

670 ## - SOURCE DATA FOUND

  • Source citation: Work cat.: (NUST): JONES, C. S,DUNLOP, CARL H,HEIME, GILBERT M, HOW TO READ ELECTRICAL BLUEPRINTS, 1954
© 2023 Central Library, National University of Sciences and Technology. All Rights Reserved.